Haribhaunchi Patre (Record no. 1379435)

MARC details
000 -LEADER
fixed length control field 00688nam a2200301Ia 4500
008 - FIXED-LENGTH DATA ELEMENTS--GENERAL INFORMATION
fixed length control field 160525s9999||||xx |||||||||||||| ||und||
040 ## - CATALOGING SOURCE
Transcribing agency Marathi
082 ## - DEWEY DECIMAL CLASSIFICATION NUMBER
Classification number XV.G/Apte
082 ## - DEWEY DECIMAL CLASSIFICATION NUMBER
Item number BORI-46052
100 ## - MAIN ENTRY--PERSONAL NAME
Personal name Kashibai Kanitkar
245 ## - TITLE STATEMENT
Title Haribhaunchi Patre
260 ## - PUBLICATION, DISTRIBUTION, ETC. (IMPRINT)
Place of publication, distribution, etc Ekyasampadan
260 ## - PUBLICATION, DISTRIBUTION, ETC. (IMPRINT)
Name of publisher, distributor, etc 1929
260 ## - PUBLICATION, DISTRIBUTION, ETC. (IMPRINT)
Date of publication, distribution, etc Satara
300 ## - PHYSICAL DESCRIPTION
Extent 14+118
300 ## - PHYSICAL DESCRIPTION
Dimensions A
300 ## - PHYSICAL DESCRIPTION
Accompanying material Paperback
530 ## - ADDITIONAL PHYSICAL FORM AVAILABLE NOTE
Availability source Khuperkar
530 ## - ADDITIONAL PHYSICAL FORM AVAILABLE NOTE
Uniform Resource Identifier <a href="000346052.pdf">000346052.pdf</a>
563 ## - BINDING INFORMATION
Binding note Study
600 ## - SUBJECT ADDED ENTRY--PERSONAL NAME
Personal name Kashibai Kanitkar
630 ## - SUBJECT ADDED ENTRY--UNIFORM TITLE
Uniform title Haribhaunchi Patre
650 ## - SUBJECT ADDED ENTRY--TOPICAL TERM
Topical term or geographic name as entry element Biography
650 ## - SUBJECT ADDED ENTRY--TOPICAL TERM
Topical term or geographic name as entry element Reference
700 ## - ADDED ENTRY--PERSONAL NAME
Personal name Kashibai Kanitkar
730 ## - ADDED ENTRY--UNIFORM TITLE
Uniform title Haribhaunchi Patre
942 ## - ADDED ENTRY ELEMENTS (KOHA)
Koha item type Book
Holdings
Withdrawn status Lost status Damaged status Not for loan Home library Current library Date acquired Cost, normal purchase price Total Checkouts Full call number Barcode Date last seen Cost, replacement price Price effective from Koha item type
        Bhandarkar Oriental Research Institute, Pune Bhandarkar Oriental Research Institute, Pune 10/29/1984 2.00   BORI-46052 BORI-46052 05/25/2016 2.00 05/25/2016 Book